000 00796nam a2200193 i 4500
001 162087
003 ES-MaACL
005 20230906212426.0
008 041102s1872 fr |||| | fre d
040 _aCAM
_bspa
_cCAM
100 1 _aPicot, Georges.
_9131133
245 1 0 _aHistoire des États Généraux considérés au point de vue de leur influence sur le gouvernement de la France de 1355 à 1614 /
_cpar Georges Picot.
260 _aParis :
_bLibr. Hachette et Cie.,
_c1872 (
_fTyp. Lahure)
300 _a4 v. (XI, 575 ; 582, [2] ; 544 ; 438 p.) ;
_c24 cm.
586 _aObra premiada por la Académie des Sciences Morales et Politiques
610 1 4 _aFrancia.
_bÉtats généraux.
_9161805
651 4 _aFrancia-
_xPolítica y gobierno.
_98706
852 _aES-MaACL
_jD-61-64
_z- Enc. hol.
999 _c162087
_d162087